Statistics for Lead Guitarists Quiz

Click here to take the quiz!

General Stats

  • This quiz has been taken 30,562 times
  • The average score is 11 of 20

Answer Stats

BandLead Guitarist% Correct
Guns N' RosesSlash
91%
The BeatlesGeorge Harrison
86%
NirvanaKurt Cobain
78%
The Rolling StonesKeith Richards
75%
CreamEric Clapton
72%
Led ZeppelinJimmy Page
72%
The White StripesJack White
69%
U2The Edge
69%
QueenBrian May
62%
OasisNoel Gallagher
58%
The WhoPete Townshend
58%
Rage Against the MachineTom Morello
46%
AerosmithJoe Perry
43%
MetallicaKirk Hammett
42%
The Grateful DeadJerry Garcia
37%
Creedence Clearwater RevivalJohn Fogerty
35%
The Mothers of InventionFrank Zappa
29%
Jane's AddictionDave Navarro
27%
WeezerRivers Cuomo
22%
R.E.M.Peter Buck
16%

Score Distribution

Percentile by Number Answered

Percent of People with Each Score

Your Score History

You have not taken this quiz